| 000 | 01038nam a22002537a 4500 | ||
|---|---|---|---|
| 003 | PE SENCICO BE | ||
| 005 | 20251020182649.0 | ||
| 008 | 240111b |||||||| |||| 00| 0 eng d | ||
| 040 |
_aPE SENCICO BE _cPE SENCICO BE |
||
| 041 | _aspa | ||
| 084 |
_aI _aDIS _a2015 _bJ72 |
||
| 100 | 1 |
_91864 _aJoo Nadal, Tatiana _eautor |
|
| 245 | 1 |
_aArquitectura efímera : _bstand volkswagen - motorshow 2014, Lima Perú / _cTatiana Joo Nadal |
|
| 260 |
_aLima : _c2015 |
||
| 300 |
_a[60] h. _bil. col. ; _c30 cm. |
||
| 502 | _aMonografía de Titulación.-- Servicio Nacional de Capacitación para la Industria de la Construcción. Escuela Superior Técnica. Carrera Profesional Técnica en Diseño de Interiores, 2015 | ||
| 650 | 1 | 0 |
_944 _aDiseño de interiores |
| 650 | 2 | 0 |
_91865 _aStand de exhibiciones |
| 650 | 2 | 0 |
_91811 _aPercepción espacial |
| 650 | 2 | 0 |
_99 _aEspacios interiores |
| 710 | 1 |
_aServicio Nacional de Capacitación para la Industria de la Construcción. _bEscuela Superior Técnica _91065 |
|
| 910 |
_bhfp _chfp |
||
| 942 | _cMON | ||
| 999 |
_c4495 _d4495 |
||